[Event "Køge Bugt Vinter 2012"]
[Site "Solrod Skole"]
[Date "2012.02.15"]
[Round "4.10"]
[White "Andersen, Hans E"]
[Black "Krag-Jacobsen, Alan"]
[Result "1-0"]
[WhiteElo "1470"]
[BlackElo "1670"]
[PlyCount "81"]
[EventDate "2012.??.??"]
[WhiteTeam "Skovbo Skakklub"]
[BlackTeam "Solrød Skakklub"]

1. e4 e5 2. Nf3 Nc6 3. Nc3 Nf6 4. Bc4 h6 5. d3 Bb4 6. Bd2 Bxc3 7. Bxc3 d6 8. h3
O-O 9. Qd2 Be6 10. g4 Nh7 11. O-O-O Qf6 12. Qe3 Rfd8 13. Rdg1 Qf4 14. Bd2 Qxe3
15. Bxe3 Bxc4 16. dxc4 f6 17. h4 Rf8 18. Rh3 Ne7 19. g5 fxg5 20. hxg5 hxg5 21.
Bxg5 Rf7 22. Rgh1 g6 23. Bh6 Kh8 24. Ng5 Rxf2 25. Nxh7 Ng8 26. Ng5 Nxh6 27.
Rxh6+ Kg7 28. Rh7+ Kf6 29. Rf7+ Kxg5 30. Rxf2 c6 31. Rg1+ Kh6 32. Rf6 Rg8 33.
Rxd6 Kh5 34. Rd7 g5 35. Re7 g4 36. Rxe5+ Kh4 37. Rf5 g3 38. e5 g2 39. e6 Kh3
40. Rf2 Re8 41. Re2 1-0

[Event "Køge Bugt Vinter 2012"]
[Site "Solrod Skole"]
[Date "2012.02.15"]
[Round "4.11"]
[White "Bayhan, Erkan"]
[Black "Øllgaard, Lars"]
[Result "1-0"]
[WhiteElo "1323"]
[BlackElo "1501"]
[PlyCount "79"]
[EventDate "2012.??.??"]
[WhiteTeam "Hvidovre Skakklub"]
[BlackTeam "Solrød Skakklub"]

1. d4 d5 2. c4 Nf6 3. Nc3 e6 4. Nf3 Nc6 5. Bf4 dxc4 6. e4 a6 7. Bxc4 b5 8. Bb3
b4 9. Ba4 Bd7 10. e5 bxc3 11. exf6 cxb2 12. Rb1 gxf6 13. O-O Bd6 14. Be3 Ne7
15. Rxb2 Bxa4 16. Qxa4+ Qd7 17. Qc2 Nf5 18. Rfb1 O-O 19. Rb7 e5 20. Qe4 Rfe8
21. Qg4+ Kh8 22. Nh4 exd4 23. Nxf5 Rg8 24. Rb8 Bf8 25. Rxf8 Raxf8 26. Bxd4 Qe6
27. Qf3 Re8 28. Ne7 Rxe7 29. Bxf6+ Rg7 30. Qc3 Qe4 31. Rb8+ Re8 32. Rxe8+ Qxe8
33. Bxg7+ Kg8 34. g3 Qc8 35. Bh6 Qg4 36. Qf6 Qd1+ 37. Kg2 Qd5+ 38. Kh3 Qh5+ 39.
Qh4 Qxh4+ 40. Kxh4 1-0

[Event "Køge Bugt Vinter 2012"]
[Site "Solrod Skole"]
[Date "2012.02.15"]
[Round "4.14"]
[White "Pondal, Jesper"]
[Black "Nielsen, Michael"]
[Result "1-0"]
[WhiteElo "1946"]
[BlackElo "1785"]
[PlyCount "65"]
[EventDate "2012.??.??"]
[WhiteTeam "Køge Skakklub"]
[BlackTeam "Solrød Skakklub"]

1. d4 d6 2. Nf3 g6 3. g3 Nf6 4. Bg2 Bg7 5. O-O O-O 6. b3 c5 7. Bb2 cxd4 8. Nxd4
a6 9. c4 Nbd7 10. Qc2 Rb8 11. Nc3 Nc5 12. Nd5 e5 13. Nxf6+ Bxf6 14. Nf3 b5 15.
e4 Be6 16. cxb5 Rxb5 17. Rfd1 Qb6 18. Nd2 a5 19. Bf1 Nxb3 20. axb3 Bxb3 21.
Nxb3 Rxb3 22. Ba3 Be7 23. Kg2 Kg7 24. Bc4 a4 25. Bxb3 axb3 26. Qb2 f5 27. exf5
Rxf5 28. Rd3 Qc6+ 29. Kg1 Bf6 30. Rxd6 Qb5 31. Rc1 e4 32. Rxf6 Rxf6 33. Rc7+
1-0

[Event "Køge Bugt Vinter 2012"]
[Site "Solrod Skole"]
[Date "2012.03.14"]
[Round "6.1"]
[White "Christensen, Peter"]
[Black "Forsmann, Henning"]
[Result "1/2-1/2"]
[WhiteElo "1306"]
[BlackElo "1747"]
[PlyCount "39"]
[EventDate "2012.??.??"]
[WhiteTeam "Køge Skakklub"]
[BlackTeam "Solrød Skakklub"]

1. d4 d5 2. c4 c6 3. Nc3 Nf6 4. Bg5 Nbd7 5. Nf3 e6 6. e3 h6 7. Bh4 Be7 8. Bd3
O-O 9. cxd5 exd5 10. O-O Re8 11. Qc2 b6 12. Rac1 Bb7 13. h3 Rc8 14. Bf5 Ra8 15.
Bg3 c5 16. dxc5 Nxc5 17. Rfd1 Ne6 18. Qb3 g6 19. Bxe6 fxe6 20. e4 1/2-1/2

[Event "Køge Bugt Vinter 2012"]
[Site "Solrod Skole"]
[Date "2012.03.14"]
[Round "6.2"]
[White "Krogh, Peter Ove"]
[Black "Refsgaard, Kaj"]
[Result "1-0"]
[WhiteElo "1899"]
[BlackElo "1737"]
[PlyCount "101"]
[EventDate "2012.??.??"]
[WhiteTeam "Køge Skakklub"]
[BlackTeam "Jernbanens Skakklub"]

1. c4 c5 2. Nc3 g6 3. Nf3 Bg7 4. e3 Nf6 5. d4 cxd4 6. exd4 d6 7. h3 O-O 8. Bd3
Nbd7 9. O-O b6 10. Re1 Bb7 11. d5 Ba6 12. Be3 Rc8 13. Qa4 Bb7 14. Qxa7 Qc7 15.
Nb5 Qb8 16. Bxb6 Nxb6 17. Qxb6 Rfe8 18. Rab1 Nd7 19. Qa7 Qxa7 20. Nxa7 Ne5 21.
Nxe5 Bxe5 22. Nb5 Bf6 23. b3 Red8 24. Be4 Rc5 25. a4 Ba6 26. Re2 Be5 27. g3 Rb8
28. Bd3 Bf6 29. Re4 Kf8 30. b4 Rcc8 31. Na7 Rc7 32. Nc6 Ra8 33. b5 Bc8 34. a5
Bb7 35. a6 Bxc6 36. dxc6 Rb8 37. Re2 Rb6 38. f4 Bd4+ 39. Kg2 Rb8 40. Kf3 Bb6
41. f5 Kg7 42. h4 Ra7 43. g4 Rf8 44. Rbe1 Re8 45. g5 gxf5 46. Bxf5 Ba5 47. Ra1
Bb6 48. Bd7 Raa8 49. Bxe8 Rxe8 50. a7 Bxa7 51. Rxa7 1-0

[Event "Køge Bugt Vinter 2012"]
[Site "Solrod Skole"]
[Date "2012.03.14"]
[Round "6.3"]
[White "Christensen, Verner"]
[Black "Taskiran, Erol"]
[Result "1-0"]
[WhiteElo "1917"]
[BlackElo "1666"]
[PlyCount "99"]
[EventDate "2012.??.??"]
[WhiteTeam "Solrød Skakklub"]
[BlackTeam "Greve Skakklub"]

1. e4 d5 2. exd5 Qxd5 3. Nc3 Qa5 4. d4 Nf6 5. Nf3 Bg4 6. h3 Bh5 7. g4 Bg6 8.
Ne5 Ne4 9. Bd2 Nxd2 10. Qxd2 e6 11. a3 c6 12. h4 f6 13. Nxg6 hxg6 14. Bd3 Rh6
15. O-O-O Nd7 16. g5 fxg5 17. hxg5 Rxh1 18. Bxg6+ Kd8 19. Rxh1 Be7 20. f4 Kc7
21. Qe3 Rf8 22. f5 e5 23. dxe5 Nxe5 24. Ne4 Nc4 25. Qb3 Bxg5+ 26. Nxg5 Qd2+ 27.
Kb1 Qd5 28. Qg3+ Kb6 29. Re1 Qb5 30. Qc3 Rf6 31. Ne6 a5 32. Ka2 Qd5 33. Qd4+
Qxd4 34. Nxd4 a4 35. Re6 Rf8 36. b3 axb3+ 37. cxb3 Nd2 38. Re8 Rf6 39. Ne6 Nf3
40. Rf8 Nh4 41. Rxf6 gxf6 42. Nf4 Kc7 43. Nh5 Kd6 44. Nxf6 Ke7 45. Nh5 b6 46.
f6+ Ke6 47. Be8 c5 48. f7 Ke7 49. Nf4 Nf5 50. Ng6+ 1-0

[Event "Køge Bugt Vinter 2012"]
[Site "Solrod Skole"]
[Date "2012.03.14"]
[Round "6.4"]
[White "Andersen, Hans E"]
[Black "Orup, Kim Amdi"]
[Result "1-0"]
[WhiteElo "1470"]
[BlackElo "1803"]
[PlyCount "55"]
[EventDate "2012.??.??"]
[WhiteTeam "Skovbo Skakklub"]
[BlackTeam "Solrød Skakklub"]

1. e4 e5 2. Nf3 d6 3. h3 Bd7 4. Bc4 Nf6 5. d3 Nc6 6. a3 a6 7. Ng5 Be6 8. Nxe6
fxe6 9. Bxe6 Qe7 10. Bb3 h6 11. Be3 a5 12. Ba4 g5 13. Nc3 Bg7 14. Nd5 Qd7 15.
Qf3 O-O 16. Bb3 Kh8 17. Nxf6 Bxf6 18. Qh5 Qg7 19. h4 Rg8 20. Bxg8 Kxg8 21. hxg5
hxg5 22. O-O-O Ne7 23. Rh2 Qg6 24. Rdh1 Kf7 25. Qg4 Ke8 26. Qe6 Kf8 27. Rh8+
Ng8 28. Rxg8+ 1-0

[Event "Køge Bugt Vinter 2012"]
[Site "Solrod Skole"]
[Date "2012.03.14"]
[Round "6.5"]
[White "Hansen, Erik Levin"]
[Black "Hellum, Oliver"]
[Result "0-1"]
[WhiteElo "1743"]
[BlackElo "1682"]
[PlyCount "54"]
[EventDate "2012.??.??"]
[WhiteTeam "Haslev Skakklub"]
[BlackTeam "BMS Skak"]

1. e4 e5 2. f4 Bc5 3. Nf3 d6 4. c3 Bg4 5. Bc4 Nc6 6. b4 Bb6 7. a4 a6 8. Qb3 Qe7
9. a5 Ba7 10. Ng5 exf4 11. Bxf7+ Kf8 12. Bxg8 Rxg8 13. Nxh7+ Ke8 14. Ng5 Qxg5
15. Qxg8+ Kd7 16. Qf7+ Ne7 17. h4 Qe5 18. d3 f3 19. Bf4 fxg2 20. Rg1 Bxg1 21.
Bxe5 dxe5 22. Qa2 Bh3 23. Qa4+ c6 24. Ra2 Bf2+ 25. Rxf2 g1=Q+ 26. Ke2 Bg4+ 27.
Ke3 Qe1+ 0-1

[Event "Køge Bugt Vinter 2012"]
[Site "Solrod Skole"]
[Date "2012.03.14"]
[Round "6.6"]
[White "Krog-Jensen, Werner"]
[Black "Hald, Morten Hansen"]
[Result "1/2-1/2"]
[WhiteElo "1309"]
[BlackElo "1753"]
[PlyCount "89"]
[EventDate "2012.??.??"]
[WhiteTeam "Enkeltmedlem 8. HK"]
[BlackTeam "Køge Skakklub"]

1. Nf3 Nf6 2. g3 g6 3. Bg2 Bg7 4. O-O O-O 5. Nc3 c6 6. e4 b5 7. d3 b4 8. Ne2 d5
9. e5 Ng4 10. d4 a5 11. c3 e6 12. Bd2 Qb6 13. Qc1 Ba6 14. Re1 Nd7 15. h3 Nh6
16. Bxh6 c5 17. Bxg7 Kxg7 18. Qd2 c4 19. Rab1 Rfb8 20. Qf4 h6 21. Nh2 a4 22.
Ng4 g5 23. Qf3 Qd8 24. Qe3 Bc8 25. h4 h5 26. Nf6 Nxf6 27. Qxg5+ Kf8 28. exf6
Qd6 29. Qg7+ Ke8 30. Qg8+ Qf8 31. Qxf8+ Kxf8 32. Nf4 a3 33. cxb4 Rxb4 34. bxa3
Rba4 35. Re3 Kg8 36. Ne2 Kh7 37. f4 Kg6 38. Bf3 Rxa3 39. Rxa3 Rxa3 40. Rb8 Rxf3
41. Rxc8 Kxf6 42. Rh8 Kg6 43. Rg8+ Kh7 44. Rg5 Kh6 45. Rg8 1/2-1/2

[Event "Køge Bugt Vinter 2012"]
[Site "Solrod Skole"]
[Date "2012.03.14"]
[Round "6.7"]
[White "Nielsen, Kai Gylling"]
[Black "Thinggaard, Jørgen"]
[Result "1-0"]
[WhiteElo "1907"]
[BlackElo "1186"]
[PlyCount "53"]
[EventDate "2012.??.??"]
[WhiteTeam "Roskilde Skakklub"]
[BlackTeam "Vejlby-Risskov Skakklub"]

1. d4 d5 2. Nf3 Nf6 3. c4 Nc6 4. Nc3 e6 5. Bf4 Bb4 6. a3 Bxc3+ 7. bxc3 Ne4 8.
Qc2 O-O 9. e3 b6 10. cxd5 exd5 11. Bd3 Nf6 12. O-O Bg4 13. Nd2 Ne7 14. Bg5 Ng6
15. h3 Bc8 16. e4 Qd6 17. e5 Qe6 18. exf6 gxf6 19. Rfe1 Qd6 20. Bh6 Rd8 21. Re3
Be6 22. Rae1 f5 23. Bxf5 Bxf5 24. Qxf5 c5 25. Nf3 a5 26. Ng5 Qc7 27. Qf6 1-0

[Event "Køge Bugt Vinter 2012"]
[Site "Solrod Skole"]
[Date "2012.03.14"]
[Round "6.8"]
[White "Hansen, Erik Friberg"]
[Black "Madsen, Preben Leo"]
[Result "1-0"]
[WhiteElo "1541"]
[BlackElo "1359"]
[PlyCount "67"]
[EventDate "2012.??.??"]
[WhiteTeam "Hvidovre Skakklub"]
[BlackTeam "Brønshøj Skakforening"]

1. d4 d5 2. Nf3 Nf6 3. e3 e6 4. Bd3 Be7 5. Nbd2 O-O 6. O-O b6 7. c3 c5 8. b3
cxd4 9. exd4 Ba6 10. Qe2 Bxd3 11. Qxd3 Nbd7 12. Bb2 Rc8 13. Rac1 Bd6 14. c4 Re8
15. Ne5 Nf8 16. f4 Bb4 17. Bc3 Bd6 18. Bb2 N8d7 19. Nxd7 Nxd7 20. Qf3 Nf6 21.
a3 a5 22. cxd5 Nxd5 23. Rxc8 Qxc8 24. Rc1 Qd7 25. g3 Rc8 26. Nc4 Rc6 27. f5 Ne7
28. fxe6 Qxe6 29. Nxd6 Rxc1+ 30. Bxc1 Qe1+ 31. Qf1 Qc3 32. Qxf7+ Kh8 33. Qf8+
Ng8 34. Nf7# 1-0

[Event "Køge Bugt Vinter 2012"]
[Site "Solrod Skole"]
[Date "2012.03.14"]
[Round "6.9"]
[White "Trærup, Jørgen"]
[Black "Kieldsen, Seier"]
[Result "0-1"]
[WhiteElo "1670"]
[BlackElo "1050"]
[PlyCount "112"]
[EventDate "2012.??.??"]
[WhiteTeam "BMS Skak"]
[BlackTeam "Solrød Skakklub"]

1. d4 d5 2. c4 c6 3. Nf3 g6 4. Nc3 Bg7 5. c5 Bf5 6. e3 Nd7 7. Nh4 Be6 8. Bd3 b6
9. b4 b5 10. a4 a6 11. a5 Nh6 12. h3 Nf6 13. Be2 Nf5 14. Nf3 Qc7 15. Ne5 Bc8
16. f4 Ng3 17. Rg1 Nxe2 18. Qxe2 Nd7 19. Qf3 f6 20. Ng4 e5 21. fxe5 fxe5 22.
Qd1 e4 23. Ra2 Nf6 24. Nxf6+ Bxf6 25. Kd2 Rf8 26. Kc2 Qg3 27. Qe1 Qxe1 28. Rxe1
Bh4 29. Rd1 Ra7 30. Kb1 g5 31. Ne2 g4 32. Nf4 g3 33. Re1 Bg5 34. Rf1 h5 35. Re2
Raf7 36. Ree1 Bh4 37. Kc2 Bxh3 38. gxh3 g2 39. Nxg2 Bxe1 40. Rxf7 Rxf7 41. Nxe1
Rf2+ 42. Bd2 Rh2 43. Kd1 Kf7 44. h4 Kg6 45. Nc2 Rxh4 46. Ne1 Rh2 47. Nc2 Kg5
48. Be1 Rh1 49. Ke2 Rh2+ 50. Kd1 Kg4 51. Bd2 h4 52. Be1 h3 53. Bd2 Rg2 54. Ne1
Rg1 55. Ke2 h2 56. Nf3 exf3+ 0-1

[Event "Køge Bugt Vinter 2012"]
[Site "Solrod Skole"]
[Date "2012.03.14"]
[Round "6.10"]
[White "Stuhr, Finn"]
[Black "Krag-Jacobsen, Alan"]
[Result "1-0"]
[WhiteElo "1722"]
[BlackElo "1670"]
[PlyCount "39"]
[EventDate "2012.??.??"]
[WhiteTeam "Køge Skakklub"]
[BlackTeam "Solrød Skakklub"]

1. e4 e5 2. Nf3 Nc6 3. Bb5 a6 4. Ba4 Nf6 5. O-O Nxe4 6. Re1 d5 7. Nxe5 Qf6 8.
Nf3 b5 9. Bb3 Be6 10. d3 Nd6 11. Bxd5 Kd7 12. Bxc6+ Kxc6 13. Bg5 Qxb2 14. Ne5+
Kb6 15. Qf3 Rd8 16. Qc6+ Ka5 17. Bd2+ b4 18. a4 Qd4 19. Na3 Be7 20. c3 1-0

[Event "Køge Bugt Vinter 2012"]
[Site "Solrod Skole"]
[Date "2012.03.14"]
[Round "6.11"]
[White "Pondal, Jesper"]
[Black "Jørgensen, Leif"]
[Result "1-0"]
[WhiteElo "1946"]
[BlackElo "1676"]
[PlyCount "103"]
[EventDate "2012.??.??"]
[WhiteTeam "Køge Skakklub"]
[BlackTeam "Solrød Skakklub"]

1. d4 d5 2. c4 c6 3. Nc3 e6 4. Nf3 Bb4 5. Qc2 Nf6 6. Bg5 h6 7. Bxf6 Qxf6 8. e4
Bxc3+ 9. bxc3 Nd7 10. e5 Qe7 11. Bd3 c5 12. O-O b6 13. cxd5 exd5 14. Bb5 O-O
15. Bc6 Ba6 16. Bxa8 Bxf1 17. Bxd5 Ba6 18. Re1 Kh8 19. Re3 cxd4 20. cxd4 Rc8
21. Rc3 Rxc3 22. Qxc3 Nf8 23. Bb3 Qd7 24. d5 Qb5 25. Nd2 Nd7 26. Qe3 Nc5 27.
Bc4 Qb2 28. Bxa6 Nxa6 29. f4 Qxa2 30. e6 fxe6 31. dxe6 Nc7 32. e7 Ne8 33. Nb3
Kg8 34. Qe6+ Kh7 35. Qf5+ Kh8 36. Qf8+ Kh7 37. Qxe8 Qxb3 38. h3 Qe3+ 39. Kh1
Qxf4 40. Qc6 Qf1+ 41. Kh2 Qf4+ 42. g3 Qf2+ 43. Qg2 Qe3 44. Qc2+ Kh8 45. Qc8+
Kh7 46. Qf5+ Kh8 47. Qf8+ Kh7 48. e8=Q Qd2+ 49. Kg1 Qd1+ 50. Kg2 Qd2+ 51. Qf2
Qd5+ 52. Kh2 1-0

[Event "Køge Bugt Vinter 2012"]
[Site "Solrod Skole"]
[Date "2012.03.14"]
[Round "6.12"]
[White "Nielsen, Michael"]
[Black "Sørensen, Aron Frank"]
[Result "1/2-1/2"]
[WhiteElo "1785"]
[BlackElo "1670"]
[PlyCount "95"]
[EventDate "2012.??.??"]
[WhiteTeam "Solrød Skakklub"]
[BlackTeam "Solrød Skakklub"]

1. c4 Nf6 2. Nc3 c5 3. g3 e6 4. e4 b6 5. Bg2 Bb7 6. Nge2 d6 7. O-O Nbd7 8. d3
Be7 9. a3 O-O 10. Rb1 a6 11. b3 Qc7 12. Nf4 Rfe8 13. g4 h6 14. f3 Ne5 15. Nh3
Nh7 16. Bf4 Nc6 17. Ne2 Bf6 18. Qd2 Qe7 19. Ng3 Nd4 20. Nh5 Rad8 21. Nxf6+ Qxf6
22. Be3 d5 23. Qb2 dxe4 24. dxe4 e5 25. b4 Bc8 26. bxc5 bxc5 27. a4 Qe7 28. a5
Be6 29. Rbc1 Rb8 30. Qf2 Red8 31. Kh1 Rb4 32. Bxd4 Rxd4 33. Qg3 Bxc4 34. Rfd1
Bb5 35. Qe1 Rxd1 36. Qxd1 Rd4 37. Qc2 Qd7 38. Qxc5 Rd1+ 39. Ng1 Rxc1 40. Qxc1
Ng5 41. Bf1 Ne6 42. Bxb5 Qxb5 43. Qc3 Nf4 44. Qc8+ Kh7 45. Qf5+ Kg8 46. Qc8+
Kh7 47. Qf5+ Kg8 48. Qc8+ 1/2-1/2

[Event "Køge Bugt Vinter 2012"]
[Site "Solrod Skole"]
[Date "2012.03.21"]
[Round "7.1"]
[White "Christensen, Peter"]
[Black "Christensen, Verner"]
[Result "0-1"]
[WhiteElo "1306"]
[BlackElo "1917"]
[PlyCount "52"]
[EventDate "2012.??.??"]
[WhiteTeam "Køge Skakklub"]
[BlackTeam "Solrød Skakklub"]

1. d4 f5 2. Nf3 e6 3. g3 d5 4. Bg2 Nf6 5. O-O Bd6 6. Nc3 c6 7. a3 O-O 8. b4 Ne4
9. Bb2 Nd7 10. e3 Ndf6 11. Na4 b6 12. h3 Ba6 13. Re1 Qc7 14. Ne5 Rae8 15. Bf1
Bxf1 16. Rxf1 Nd7 17. Rc1 Nxe5 18. dxe5 Bxe5 19. Bxe5 Qxe5 20. Qd4 Qb8 21. Kh2
e5 22. Qd1 Re6 23. c4 dxc4 24. Rxc4 Rd8 25. Qh5 Nd2 26. Rh4 Nxf1+ 0-1

[Event "Køge Bugt Vinter 2012"]
[Site "Solrod Skole"]
[Date "2012.03.21"]
[Round "7.2"]
[White "Forsmann, Henning"]
[Black "Krogh, Peter Ove"]
[Result "1-0"]
[WhiteElo "1747"]
[BlackElo "1899"]
[PlyCount "61"]
[EventDate "2012.??.??"]
[WhiteTeam "Solrød Skakklub"]
[BlackTeam "Køge Skakklub"]

1. e4 c5 2. f4 Nc6 3. Nf3 d6 4. c3 Nf6 5. d3 g6 6. g3 Bg7 7. Bg2 O-O 8. O-O Qb6
9. Na3 Qa6 10. c4 Qa5 11. Nb5 a6 12. Bd2 Qd8 13. Nc3 Rb8 14. Rb1 b5 15. cxb5
axb5 16. a3 b4 17. axb4 Nxb4 18. Qe2 Qb6 19. Kh1 Bg4 20. h3 Bxf3 21. Rxf3 Nc2
22. Qf1 e6 23. g4 h5 24. Rg3 hxg4 25. hxg4 Nd7 26. g5 Bd4 27. f5 exf5 28. exf5
gxf5 29. Qxf5 Ne5 30. Nd5 Qd8 31. Nf6+ 1-0

[Event "Køge Bugt Vinter 2012"]
[Site "Solrod Skole"]
[Date "2012.03.21"]
[Round "7.3"]
[White "Hellum, Oliver"]
[Black "Andersen, Hans E"]
[Result "0-1"]
[WhiteElo "1682"]
[BlackElo "1470"]
[PlyCount "98"]
[EventDate "2012.??.??"]
[WhiteTeam "BMS Skak"]
[BlackTeam "Skovbo Skakklub"]

1. e4 e5 2. Bc4 Nc6 3. Nf3 Bc5 4. Nc3 h6 5. Na4 Bb6 6. Nxb6 axb6 7. d4 exd4 8.
Nxd4 Nxd4 9. Qxd4 Qf6 10. e5 Qg6 11. Bd3 Qxg2 12. Be4 Qh3 13. Rg1 g5 14. Rg3
Qe6 15. Rf3 Ra5 16. Kf1 Rxe5 17. Re3 Ne7 18. Bd5 Qxd5 19. Qxe5 Qxe5 20. Rxe5 f6
21. Re3 Kf7 22. b3 Nf5 23. Rc3 c6 24. Be3 c5 25. b4 d5 26. Ra3 Nxe3+ 27. Rxe3
d4 28. Re2 Be6 29. bxc5 Bc4 30. cxb6 Re8 31. Rae1 Re6 32. f3 Rxb6 33. Kf2 Bxe2
34. Rxe2 Rb2 35. a3 Ra2 36. Rd2 Ke6 37. Rxd4 Rxc2+ 38. Kg3 h5 39. Rb4 Ra2 40.
Rb6+ Kf5 41. Rxb7 Rxa3 42. Rb6 g4 43. Kg2 Rxf3 44. Rc6 h4 45. Rc4 Kg5 46. Rc5+
f5 47. Rc8 Ra3 48. Rg8+ Kf4 49. Rh8 Ra2+ 0-1

[Event "Køge Bugt Vinter 2012"]
[Site "Solrod Skole"]
[Date "2012.03.21"]
[Round "7.4"]
[White "Kieldsen, Seier"]
[Black "Nielsen, Kai Gylling"]
[Result "0-1"]
[WhiteElo "1050"]
[BlackElo "1907"]
[PlyCount "148"]
[EventDate "2012.??.??"]
[WhiteTeam "Solrød Skakklub"]
[BlackTeam "Roskilde Skakklub"]

1. d4 Nf6 2. Nc3 d5 3. Bg5 Nbd7 4. Nf3 c6 5. e3 h6 6. Bh4 Qa5 7. Nd2 b5 8. a3
g5 9. Bg3 Bg7 10. b4 Qb6 11. Nb3 O-O 12. Be2 Re8 13. O-O e5 14. h3 e4 15. Bd6
Qd8 16. Na5 Nb6 17. Bg3 Qd7 18. a4 a6 19. Nb3 Bf8 20. Nc5 Bxc5 21. bxc5 Nc4 22.
Bxc4 bxc4 23. f3 exf3 24. Qxf3 Ne4 25. Nxe4 Rxe4 26. Rf2 Qe6 27. Be5 Ra7 28.
Qh5 Rh4 29. Qf3 Qg6 30. Rb1 Rb7 31. Rb6 f5 32. Rxb7 Bxb7 33. Qxf5 Qxf5 34. Rxf5
Bc8 35. Rf6 Bd7 36. Rd6 Bf5 37. c3 g4 38. hxg4 Rxg4 39. g3 h5 40. Rxc6 h4 41.
Kh2 hxg3+ 42. Bxg3 Rg6 43. Rb6 Kf7 44. Bd6 Ke8 45. Rxa6 Rh6+ 46. Kg3 Bd7 47.
Ra8+ Kf7 48. a5 Rh3+ 49. Kf4 Rh4+ 50. Kg3 Rh3+ 51. Kf2 Rh2+ 52. Ke1 Ra2 53. a6
Bc6 54. Ra7+ Kg6 55. Kd1 Kf5 56. Kc1 Ke4 57. Kb1 Ra4 58. Bf4 Kd3 59. Kb2 Ra5
60. Rb7 Bxb7 61. axb7 Rb5+ 62. Ka3 Rxb7 63. c6 Ra7+ 64. Kb4 Ra8 65. Kc5 Kxc3
66. Kxd5 Kd3 67. Ke5 c3 68. e4 Re8+ 69. Kd5 Rxe4 70. c7 Rxd4+ 71. Ke6 Rc4 72.
Ke7 c2 73. Kf6 Rxf4+ 74. Ke5 Rc4 0-1

[Event "Køge Bugt Vinter 2012"]
[Site "Solrod Skole"]
[Date "2012.03.21"]
[Round "7.5"]
[White "Hald, Morten Hansen"]
[Black "Hansen, Erik Levin"]
[Result "1/2-1/2"]
[WhiteElo "1753"]
[BlackElo "1743"]
[PlyCount "70"]
[EventDate "2012.??.??"]
[WhiteTeam "Køge Skakklub"]
[BlackTeam "Haslev Skakklub"]

1. Nc3 g6 2. h4 c5 3. Nf3 Nc6 4. d4 Bg7 5. e3 Nf6 6. d5 Nb8 7. e4 d6 8. Bb5+
Bd7 9. Be2 a6 10. a4 Bg4 11. Nh2 Bxe2 12. Qxe2 h5 13. Bf4 Nfd7 14. Qe3 Ne5 15.
Qe2 Nbd7 16. Bd2 Nf6 17. f4 Neg4 18. e5 Nxh2 19. exf6 Bxf6 20. Rxh2 O-O 21. g4
b5 22. gxh5 Qd7 23. hxg6 e5 24. Ne4 Bg7 25. gxf7+ Rxf7 26. axb5 exf4 27. Bc3 f3
28. Qd3 Qg4 29. Kf2 Re8 30. Rg1 Qxe4 31. Qxe4 Rxe4 32. Kf1 axb5 33. b3 Kh7 34.
Bxg7 Rxg7 35. Rxg7+ Kxg7 1/2-1/2

[Event "Køge Bugt Vinter 2012"]
[Site "Solrod Skole"]
[Date "2012.03.21"]
[Round "7.6"]
[White "Orup, Kim Amdi"]
[Black "Krog-Jensen, Werner"]
[Result "1-0"]
[WhiteElo "1803"]
[BlackElo "1309"]
[PlyCount "35"]
[EventDate "2012.??.??"]
[WhiteTeam "Solrød Skakklub"]
[BlackTeam "Enkeltmedlem 8. HK"]

1. e4 d6 2. d4 Nf6 3. Nc3 g6 4. Bc4 Bg7 5. Bg5 O-O 6. e5 dxe5 7. dxe5 Qxd1+ 8.
Rxd1 Nfd7 9. e6 Ne5 10. exf7+ Nxf7 11. Bxe7 Re8 12. Rd8 Bxc3+ 13. bxc3 Rxd8 14.
Bxd8 c6 15. Nf3 Kg7 16. Bxf7 Kxf7 17. Kd2 Be6 18. Ng5+ 1-0

[Event "Køge Bugt Vinter 2012"]
[Site "Solrod Skole"]
[Date "2012.03.21"]
[Round "7.7"]
[White "Refsgaard, Kaj"]
[Black "Hansen, Erik Friberg"]
[Result "1/2-1/2"]
[WhiteElo "1737"]
[BlackElo "1541"]
[PlyCount "68"]
[EventDate "2012.??.??"]
[WhiteTeam "Jernbanens Skakklub"]
[BlackTeam "Hvidovre Skakklub"]

1. e4 d5 2. exd5 Qxd5 3. Nc3 Qa5 4. Nf3 Bg4 5. Be2 Nf6 6. O-O Nbd7 7. d3 c6 8.
Bd2 Qc7 9. Re1 e6 10. a4 Bd6 11. Ng5 Bxe2 12. Qxe2 O-O 13. Nce4 Be5 14. Rab1
Nxe4 15. Nxe4 Bf6 16. Nxf6+ Nxf6 17. Bc3 Qe7 18. Be5 Rfe8 19. Qf3 Nd5 20. c4
Nb6 21. Qg4 f6 22. Bc3 Rad8 23. Re3 Qf7 24. Rbe1 e5 25. b3 Qe6 26. Qe4 Nd7 27.
f4 Nc5 28. Qf3 Qf7 29. fxe5 fxe5 30. Qxf7+ Kxf7 31. Rf1+ Kg8 32. Rff3 Rf8 33.
Bb4 b6 34. Bxc5 bxc5 1/2-1/2

[Event "Køge Bugt Vinter 2012"]
[Site "Solrod Skole"]
[Date "2012.03.21"]
[Round "7.9"]
[White "Nielsen, Steen"]
[Black "Trærup, Jørgen"]
[Result "1-0"]
[WhiteElo "1797"]
[BlackElo "1670"]
[PlyCount "77"]
[EventDate "2012.??.??"]
[WhiteTeam "Solrød Skakklub"]
[BlackTeam "BMS Skak"]

1. d4 Nf6 2. c4 e6 3. Nf3 b6 4. Nc3 Be7 5. e3 Bb7 6. Be2 O-O 7. O-O a6 8. Qc2
d6 9. b4 Nbd7 10. Rd1 Rc8 11. Bb2 c6 12. a3 b5 13. c5 d5 14. a4 Qc7 15. axb5
axb5 16. h3 Ra8 17. Nd2 e5 18. Nb3 e4 19. Ra5 h5 20. Rda1 Rxa5 21. bxa5 Ba6 22.
Na2 Ra8 23. Nb4 g6 24. Bc3 Kg7 25. Ra3 g5 26. Qa2 g4 27. Na1 g3 28. Nac2 gxf2+
29. Kxf2 h4 30. Nxa6 Rxa6 31. Kg1 Nh7 32. Nb4 Ra8 33. a6 Qg3 34. Bd2 Ng5 35.
Kf1 Nxh3 36. gxh3 Qxh3+ 37. Ke1 Qh1+ 38. Bf1 Qf3 39. Nxc6 1-0

[Event "Køge Bugt Vinter 2012"]
[Site "Solrod Skole"]
[Date "2012.03.21"]
[Round "7.10"]
[White "Larsen, Paul M"]
[Black "Pondal, Jesper"]
[Result "0-1"]
[WhiteElo "1639"]
[BlackElo "1946"]
[PlyCount "92"]
[EventDate "2012.??.??"]
[WhiteTeam "Haslev Skakklub"]
[BlackTeam "Køge Skakklub"]

1. d4 f5 2. Nf3 Nf6 3. c4 e6 4. g3 d5 5. cxd5 exd5 6. Bg2 c6 7. O-O Bd6 8. e3
O-O 9. Ne5 Be6 10. f4 Nbd7 11. b3 Ne4 12. Bb2 Ndf6 13. Nd2 Nxd2 14. Qxd2 Ne4
15. Qe2 Rf6 16. Nd3 Qe7 17. Nf2 Raf8 18. Nxe4 fxe4 19. g4 Qc7 20. Kf2 g5 21. f5
Bxh2 22. Ke1 Bd7 23. Kd2 Bd6 24. Bc3 a6 25. Rh1 h6 26. b4 Bg3 27. Bh3 Bh4 28.
Rag1 Kh7 29. Qh2 Qxh2+ 30. Rxh2 h5 31. Ke2 hxg4 32. Bxg4 Rh6 33. Be1 Bxe1 34.
Rxh6+ Kxh6 35. Kxe1 Bxf5 36. Rf1 Kg6 37. Rf2 Rf7 38. Be2 Rh7 39. Bf1 Rh1 40.
Kd2 g4 41. Ke2 Kg5 42. Rg2 Kh4 43. Rf2 Bg6 44. Rf6 Bh5 45. Rf4 Rh2+ 46. Ke1
Rxa2 0-1

[Event "Køge Bugt Vinter 2012"]
[Site "Solrod Skole"]
[Date "2012.03.21"]
[Round "7.11"]
[White "Krag-Jacobsen, Alan"]
[Black "Nielsen, Michael"]
[Result "1-0"]
[WhiteElo "1670"]
[BlackElo "1785"]
[PlyCount "57"]
[EventDate "2012.??.??"]
[WhiteTeam "Solrød Skakklub"]
[BlackTeam "Solrød Skakklub"]

1. e4 g6 2. d4 d6 3. Nc3 Bg7 4. h3 Nf6 5. Nf3 O-O 6. Bc4 Nc6 7. O-O a6 8. a3 b5
9. Ba2 Bb7 10. Bf4 e6 11. Qd2 Ne7 12. Qe3 Qd7 13. Rad1 Rfe8 14. Rfe1 a5 15. b4
axb4 16. axb4 Ra3 17. Bb3 Rd8 18. Qe2 c6 19. e5 Ne8 20. Ne4 dxe5 21. dxe5 Nd5
22. Bg5 Rc8 23. Nf6+ Nexf6 24. Bxf6 Bxf6 25. exf6 Qc7 26. g3 Nc3 27. Qd2 Kh8
28. Qh6 Rg8 29. Ng5 1-0

[Event "Køge Bugt Vinter 2012"]
[Site "Solrod Skole"]
[Date "2012.03.21"]
[Round "7.12"]
[White "Sørensen, Aron Frank"]
[Black "Jørgensen, Leif"]
[Result "1-0"]
[WhiteElo "1670"]
[BlackElo "1676"]
[PlyCount "73"]
[EventDate "2012.??.??"]
[WhiteTeam "Solrød Skakklub"]
[BlackTeam "Solrød Skakklub"]

1. c4 Nf6 2. g3 e6 3. Bg2 Bc5 4. Nf3 O-O 5. Nc3 Re8 6. Na4 Na6 7. Nxc5 Nxc5 8.
b4 Nce4 9. d3 Nd6 10. Bb2 h6 11. O-O Nh7 12. Qc2 f6 13. c5 Nf7 14. e4 e5 15. d4
d6 16. dxe5 fxe5 17. Nh4 Re6 18. f4 dxc5 19. Rad1 Qe8 20. bxc5 Bd7 21. Bh3 Re7
22. Bxd7 Rxd7 23. Rxd7 Qxd7 24. fxe5 Qe6 25. Nf3 Qxa2 26. Qc3 Qe6 27. Nd4 Qxe5
28. Rf5 Qxe4 29. Ne6 Nf6 30. Nxg7 Qb1+ 31. Rf1 Qg6 32. Rxf6 Qb1+ 33. Rf1 Qg6
34. Ne6 Kh7 35. Nf4 Qg5 36. Nh5 Kg8 37. Nf6+ 1-0